Žonglér v kině /

Hlavní autor: Fühmann, Franz, 1922-1984
Další autoři: Jiroudková, Kamila, 1915-1976, Lacinová, Zdena
Jazyk: Čeština
Vydáno: Praha : Odeon, 1974
Vydání: 1. vyd. tohoto výboru
Edice: Soudobá světová próza (Odeon)
Externí odkaz: Digitalizovaný dokument
Fyzický popis: 238 s. ; 8°
Knihy
Uloženo v:
LEADER 01380nam a22003612a 4500
001 001239284
003 CZ BrMZK
005 20130409094810.0
007 ta
008 120814s1974 xr er 000 0 cze
015 |a cnb000132637 
035 |a (OCoLC)42110628 
040 |a BOA001  |b cze 
041 1 |a cze  |h ger 
080 |a 830(430.2)-32-821+92 Fühmann, F. 
080 |a 830-32(081) 
100 1 |a Fühmann, Franz,  |d 1922-1984  |7 jn19990002507  |4 aut 
245 1 0 |a Žonglér v kině /  |c Franz Fühmann ; z německých souborů povídek ... vybrala Kamila Jiroudková ; přeložila a doslov napsala Zdena Lacinová 
250 |a 1. vyd. tohoto výboru 
260 |a Praha :  |b Odeon,  |c 1974 
300 |a 238 s. ;  |c 8° 
490 1 |a Soudobá světová próza ;  |v sv. 305 
500 |a 4000 výt. 
765 0 |t König Ödipus  |9 Česky 
765 0 |t Jongleur im Kino oder Die Insel der Träume  |9 Česky 
700 1 |a Jiroudková, Kamila,  |d 1915-1976  |7 jk01051904  |4 edt 
700 1 |a Lacinová, Zdena  |7 jk01071361  |4 trl  |4 wfw 
830 0 |a Soudobá světová próza (Odeon)  |0 s 
856 4 1 |u http://www.digitalniknihovna.cz/mzk/uuid/uuid:2f97b060-97e6-11e4-94a8-005056827e51  |y Digitalizovaný dokument  |x NDK 
910 |a BOA001  |b 2-0733.225 
990 |a BK 
991 |b 201208 
996 7 |b 2619627052  |c 2-0733.225  |l Sklad H1  |r Sklad / do 24 hodin  |n 0  |h HS212  |w 001273300  |u 000010  |a 1  |e BOA001  |j MZK50  |s A